El domador de pulgas
Gardado en:
| Autor Principal: | |
|---|---|
| Formato: | Libro |
| Idioma: | Spanish |
| Publicado: |
San José, Costa Rica
Editorial de la Universidad de Costa Rica
2006
|
| Materias: | |
| Etiquetas: |
Engadir etiqueta
Sen Etiquetas, Sexa o primeiro en etiquetar este rexistro!
|
MARC
| LEADER | 00000nam a22000007a 4500 | ||
|---|---|---|---|
| 008 | 180511b xxu||||| |||| 00| 0 spa d | ||
| 040 | |a cru BVZT | ||
| 090 | |a 868 J-7d | ||
| 100 | |a Jiménez, Max | ||
| 245 | |a El domador de pulgas |c Max Jiménez | ||
| 260 | |a San José, Costa Rica |b Editorial de la Universidad de Costa Rica |c 2006 | ||
| 300 | |a 97 páginas | ||
| 650 | |a LITERATURA COSTARRICENSE |9 17 | ||
| 650 | |a NOVELA |9 13 | ||
| 999 | |c 30487 |d 30487 | ||
| 942 | |c SALA |h 868 J-7d |2 z | ||
